|
|
|
|
| LEADER |
01039nam a2200253 a 4500 |
| 001 |
00021999 |
| 008 |
110302r20102006azua b 001 0 eng d |
| 010 |
|
|
|a 98007718
|
| 020 |
|
|
|a 9780521671675
|
| 040 |
|
|
|a DLC
|c DLC
|d DLC
|d BD-DhAAL
|
| 082 |
0 |
0 |
|a 808/.0665
|2 21
|
| 100 |
1 |
|
|a Day, Robert A.,
|d 1924-
|
| 245 |
1 |
0 |
|a How to write & publish a scientific paper /
|c Robert A. Day and Barbara Gastel
|
| 246 |
3 |
|
|a How to write and publish a scientific paper
|
| 250 |
|
|
|a 6th ed.
|
| 260 |
|
|
|a Cambridge, UK ;
|a New York :
|b Cambridge University Press,
|c 2006 [Reprinted 2010]
|
| 300 |
|
|
|a xv, 302 p. :
|b ill. ;
|c 26 cm.
|
| 504 |
|
|
|a Includes bibliographical references (p. 281-285) and index.
|
| 541 |
1 |
|
|e 00021999
|
| 650 |
|
0 |
|a Technical writing.
|
| 700 |
1 |
|
|a Gastel, Barbara.
|
| 852 |
4 |
|
|a Ayesha Abed Library
|j General shelf
|
| 999 |
|
|
|c 10495
|d 10495
|
| 952 |
|
|
|0 0
|1 0
|2 ddc
|4 0
|6 808_066500000000000_DAY
|7 0
|9 14518
|a BRACUL
|b BRACUL
|c GEN
|d 2011-03-02
|e Karim International
|g 2200.00
|l 5
|m 42
|o 808.0665 DAY
|p 3010021999
|r 2018-01-23
|s 2017-07-02
|t 1
|w 2011-03-02
|y BK
|